[Event "EYCC 2024 - O18"]
[Site "?"]
[Date "2024.08.25"]
[Round "4.12"]
[White "Hrbek, Stepan"]
[Black "Ristic, Luka"]
[Result "1-0"]
[BlackElo "2274"]
[WhiteElo "2414"]
[LiveChessVersion "1.4.8"]

1. d4 {[%clk 1:30:53]} d6 {[%clk 1:30:30]} 2. e4 {[%clk 1:29:32]} Nf6
{[%clk 1:30:28]} 3. Nc3 {[%clk 1:29:54]} e5 {[%clk 1:30:39]} 4. Nf3
{[%clk 1:28:21]} Nbd7 {[%clk 1:30:44]} 5. Bc4 {[%clk 1:27:48]} Be7
{[%clk 1:30:57]} 6. O-O {[%clk 1:26:55]} O-O {[%clk 1:31:00]} 7. a4
{[%clk 1:23:50]} c6 {[%clk 1:30:49]} 8. Re1 {[%clk 1:21:06]} h6 {[%clk 1:29:49]}
9. h3 {[%clk 1:19:20]} Re8 {[%clk 1:29:16]} 10. Ba2 {[%clk 1:17:16]} b6
{[%clk 1:18:55]} 11. dxe5 {[%clk 1:05:58]} dxe5 {[%clk 1:18:12]} 12. Nh4
{[%clk 1:05:57]} Nc5 {[%clk 1:05:57]} 13. Qf3 {[%clk 1:05:48]} Ne6
{[%clk 1:04:49]} 14. Nf5 {[%clk 1:03:03]} Nd4 {[%clk 1:02:39]} 15. Qg3
{[%clk 0:45:09]} Bxf5 {[%clk 0:56:20]} 16. exf5 {[%clk 0:45:26]} Qd7
{[%clk 0:46:53]} 17. Qd3 {[%clk 0:36:22]} Bb4 {[%clk 0:40:53]} 18. Bxh6
{[%clk 0:28:54]} Qxf5 {[%clk 0:25:09]} 19. Qxf5 {[%clk 0:23:25]} Nxf5
{[%clk 0:25:36]} 20. Bg5 {[%clk 0:23:22]} Nd4 {[%clk 0:23:39]} 21. Bxf6
{[%clk 0:22:31]} gxf6 {[%clk 0:23:01]} 22. Ne4 {[%clk 0:22:23]} Be7
{[%clk 0:21:06]} 23. Bb1 {[%clk 0:18:50]} f5 {[%clk 0:19:17]} 24. Nd2
{[%clk 0:17:09]} e4 {[%clk 0:18:03]} 25. c3 {[%clk 0:12:25]} Ne6 {[%clk 0:18:23]}
26. Nf1 {[%clk 0:11:59]} Kg7 {[%clk 0:16:41]} 27. Ng3 {[%clk 0:10:58]} Kf6
{[%clk 0:16:47]} 28. Nxf5 {[%clk 0:11:08]} Kxf5 {[%clk 0:13:06]} 29. Bxe4+
{[%clk 0:11:36]} Kf6 {[%clk 0:13:17]} 30. Bxc6 {[%clk 0:12:04]} Rad8
{[%clk 0:13:06]} 31. Bxe8 {[%clk 0:12:26]} Rxe8 {[%clk 0:13:34]} 32. Rad1
{[%clk 0:10:59]} Rg8 {[%clk 0:12:39]} 33. Rd7 {[%clk 0:10:45]} a5
{[%clk 0:11:38]} 34. Re3 {[%clk 0:11:01]} Re8 {[%clk 0:09:21]} 35. Rb7
{[%clk 0:09:27]} Bc5 {[%clk 0:04:09]} 36. Rf3+ {[%clk 0:09:51]} Ke5
{[%clk 0:04:29]} 37. Rbxf7 {[%clk 0:07:23]} Rd8 {[%clk 0:04:29]} 38. R7f5+
{[%clk 0:05:03]} Ke4 {[%clk 0:04:56]} 39. g3 {[%clk 0:05:22]} Rd2
{[%clk 0:04:42]} 40. b4 {[%clk 0:05:13]} Bd6 {[%clk 0:03:45]} 41. Rf6
{[%clk 0:04:42]} axb4 {[%clk 0:02:32]} 42. Re3+ {[%clk 0:04:43]} Kd5
{[%clk 0:02:57]} 43. Rexe6 {[%clk 0:04:32]} Be5 {[%clk 0:01:58]} 44. cxb4
{[%clk 0:04:43]} Bxf6 {[%clk 0:01:55]} 45. Rxf6 {[%clk 0:05:06]} b5
{[%clk 0:01:57]} 46. axb5 {[%clk 0:05:27]} Ke5 {[%clk 0:02:02]} 47. Rc6
{[%clk 0:05:21]} 1-0